000 01119aam a2200313 i 4500
001 768714001
003 CO-MdFUSB
005 20220117153706.0
007 ta
008 220117t1918 -usba||| |||| 00| 0 eng d
020 _a[No incluye ISBN]
040 _bspa.
_aCO-MdFUSB
_cCO-MdFUSB
_dCO-MdFUSBC
_erda
041 _aeng
082 0 4 _a270
_223
_bW1772h
100 1 _aWalker, Williston
_eautor
245 1 0 _aA history of the christian church
_c/ Williston Walker
264 1 _aNew York, NY., USA :
_bCharles Scribner's Sons,
_c[1918]
264 4 _c© 1918
300 _a624 páginas
_c; 21 cm
336 _atexto
_btxt
_2rdacontent
337 _2rdamedia
_asin mediación
_bn
338 _2rdacarrier
_avolumen
_bnc
505 _aDe los inicios a la crisis gnóstica -- De la crisis gnóstica a Constantino -- La iglesia del estado imperial -- La Edad Media hasta el final de la controversia de las investiduras -- La Baja Edad Media -- La Reforma -- El cristianismo moderno.
563 _aTapa dura
650 0 _9153
_aHistoria de la Iglesia
942 _cBK
945 _aJTF-925
999 _c38473
_d38473